000 00520nam a22001697a 4500
999 _c57792
_d57792
005 20201224123446.0
008 201207s2017 enk||||| |||| 00| 0 eng d
020 _a9780141986975
041 _aeng
080 _a32 G-64
100 _aGoodhart, David
_99850
245 _aThe Road to Somewhere: The New Tribes Shaping British Politics /
_cDavid Goodhart.
264 _aLondon:
_bPenguin Books,
_c2017.
300 _a278 p.
_b20 cm.
653 _aბრიტანული პოლიტიკა
942 _2udc
_cBK